Astronomy / (Record no. 50224)
| 000 -LEADER | |
|---|---|
| fixed length control field | 00320nam a2200121 4500 |
| 008 - FIXED-LENGTH DATA ELEMENTS--GENERAL INFORMATION | |
| fixed length control field | 260304b |||||||| |||| 00| 0 eng d |
| 020 ## - INTERNATIONAL STANDARD BOOK NUMBER | |
| International Standard Book Number | 9781409565246 |
| 100 ## - MAIN ENTRY--PERSONAL NAME | |
| Personal name | Bone, Emily |
| 9 (RLIN) | 57088 |
| 245 ## - TITLE STATEMENT | |
| Title | Astronomy / |
| Statement of responsibility, etc | Emily Bone |
| 260 ## - PUBLICATION, DISTRIBUTION, ETC. (IMPRINT) | |
| Place of publication, distribution, etc | USA |
| Name of publisher, distributor, etc | Usborne Pub. |
| Date of publication, distribution, etc | 2014 |
| 300 ## - PHYSICAL DESCRIPTION | |
| Extent | 31 p. |
| Other physical details | col. ill. |
| Dimensions | 21 cm. |
| 942 ## - ADDED ENTRY ELEMENTS (KOHA) | |
| Source of classification or shelving scheme | |
| Koha item type | Book |
| Withdrawn status | Lost status | Source of classification or shelving scheme | Damaged status | Not for loan | Collection code | Home library | Current library | Shelving location | Date acquired | Total Checkouts | Full call number | Barcode | Date last seen | Price effective from | Koha item type |
|---|---|---|---|---|---|---|---|---|---|---|---|---|---|---|---|
| Non-Fiction | Asian Hope Early Years Library | Asian Hope Early Years Library | Easy Reading | 03/04/2026 | 520 BON | 208011 | 03/04/2026 | 03/04/2026 | Book |